MAASAI MARA UNIVERSITY

LIBRARY CATALOGUE

Contact Us: +254 020 2685356/7 or 0774 057787

Box: 861-20500, NAROK, KENYA

Email: info@mmarau.ac.ke

Marketing decision making : (Record no. 18122)

MARC details
000 -LEADER
fixed length control field 00962nam a2200277 a 4500
001 - CONTROL NUMBER
control field 4788539
003 - CONTROL NUMBER IDENTIFIER
control field OSt
005 - DATE AND TIME OF LATEST TRANSACTION
control field 20210611102748.0
008 - FIXED-LENGTH DATA ELEMENTS--GENERAL INFORMATION
fixed length control field 870714s1988 ohua b 001 0 eng
010 ## - LIBRARY OF CONGRESS CONTROL NUMBER
LC control number 87050902
020 ## - INTERNATIONAL STANDARD BOOK NUMBER
International Standard Book Number 0538198214 (pbk.)
040 ## - CATALOGING SOURCE
Original cataloging agency MMU
Transcribing agency MMU
Modifying agency MMU
Language of cataloging eng
050 00 - LIBRARY OF CONGRESS CALL NUMBER
Classification number HF5415.135
Item number .M36 1988
082 00 - DEWEY DECIMAL CLASSIFICATION NUMBER
Classification number 658.8/02
Edition number 19
245 00 - TITLE STATEMENT
Title Marketing decision making :
Remainder of title analytic framework and cases /
Statement of responsibility, etc. William F. O'Dell ... [et al.].
250 ## - EDITION STATEMENT
Edition statement 4th ed.
260 ## - PUBLICATION, DISTRIBUTION, ETC. (IMPRINT)
Place of publication, distribution, etc. Cincinnati :
Name of publisher, distributor, etc. South-Western Pub. Co.,
Date of publication, distribution, etc. c1988.
300 ## - PHYSICAL DESCRIPTION
Extent x, 630 p. :
Other physical details ill. ;
Dimensions 23 cm.
504 ## - BIBLIOGRAPHY, ETC. NOTE
Bibliography, etc Includes bibliographies and index.
650 #0 - SUBJECT ADDED ENTRY--TOPICAL TERM
Topical term or geographic name as entry element Marketing
General subdivision Decision making.
650 #0 - SUBJECT ADDED ENTRY--TOPICAL TERM
Topical term or geographic name as entry element Marketing
General subdivision Decision making
-- Case studies.
700 1# - ADDED ENTRY--PERSONAL NAME
Personal name O'Dell, William F.
Fuller form of name (William Francis),
Dates associated with a name 1909-
906 ## - LOCAL DATA ELEMENT F, LDF (RLIN)
a 7
b cbc
c orignew
d 3
e ocip
f 19
g y-gencatlg
942 ## - ADDED ENTRY ELEMENTS (KOHA)
Source of classification or shelving scheme Library of Congress Classification
Koha item type L
Holdings
Withdrawn status Lost status Source of classification or shelving scheme Damaged status Not for loan Home library Current library Date acquired Source of acquisition Total Checkouts Full call number Barcode Date last seen Price effective from Koha item type
    Library of Congress Classification     Maasai Mara University Library -Main Campus Maasai Mara University Library -Main Campus 07/12/2016 donation   HF5415.135 O7 1988 20116120 07/12/2016 07/12/2016 L
© 2016 Maasai Mara University.